000 00877nam a2200277Ia 4500
003 OSt
005 20220928125216.0
006 a|||||r|||| 00| 0
007 ta
008 220927b |||||||| |||| 00| 0 eng d
020 _c4118.6760999999997
024 _a114438
037 _b187, 06/01/2012, Classic Book Service
_cTextual
040 _aSDCL
_cSDCL
_beng
041 _2eng
_aeng
082 _aB28120bD6,8(B), Q2
100 _aTherrien Charles W
_9468895
245 0 _aProbability and random processes for electrical and computer engineers.
250 _a2
260 _aBoca Raton
_b CRC Press
_c2012
300 _axvii,413p
_ccm.
650 _aI I C
700 _a Tummala Murali
_9468896
942 _hB28120bD6,8(B), Q2
_cTEXL
_2CC
999 _c781598
_d781598